Personalidad y destino de Jorge Manrique /
Hombre dedicado a las letras y a las armas, el poeta español Jorge Manrique nació hacia 1440 y murió en 1479 en combate, mientras defendía los derechos de Isabel la Católica a ocupar el trono de Castilla. Manrique fue autor de una obra breve que no rebasa los dos mil 400 versos. De la poesía amorosa...
Spremljeno u:
| Glavni autor: | |
|---|---|
| Format: | Knjiga |
| Jezik: | španjolski |
| Izdano: |
Madrid, España :
Gredos,
1966, c1966
|
| Serija: | (Biblioteca Románica Hispánica. Estudios y Ensayos ;
93) |
| Teme: | |
| Oznake: |
Bez oznaka, Budi prvi tko označuje ovaj zapis!
|
MARC
| LEADER | 00000nam^a2200000^a^4500 | ||
|---|---|---|---|
| 001 | 000152554 | ||
| 005 | 20250521000000.0 | ||
| 009 | 20260310100248.286 | ||
| 037 | |a Acervo ITESO - Biblioteca | ||
| 041 | |a ESP | ||
| 082 | |a 860. 94603 |b SER | ||
| 100 | |a Serrano de Haro, Antonio |e (autor) | ||
| 245 | 1 | 0 | |a Personalidad y destino de Jorge Manrique / |c A. Serrano de Haro. |
| 264 | 4 | |a Madrid, España : |b Gredos, |c 1966, c1966 | |
| 300 | |a 375 p. | ||
| 336 | |a texto |b txt |2 rdacontenido | ||
| 337 | |a sin mediación |b n |2 rdamedio | ||
| 338 | |a volumen |b nc |2 rdasoporte | ||
| 440 | 1 | |a (Biblioteca Románica Hispánica. |p Estudios y Ensayos ; |v 93) | |
| 520 | |a Hombre dedicado a las letras y a las armas, el poeta español Jorge Manrique nació hacia 1440 y murió en 1479 en combate, mientras defendía los derechos de Isabel la Católica a ocupar el trono de Castilla. Manrique fue autor de una obra breve que no rebasa los dos mil 400 versos. De la poesía amorosa de Manrique se conservan unas cincuenta composiciones, no exentas de valor literario, pero la fama de su autor se debe a las Coplas de Jorge Manrique a la muerte de su padre, el maestre don Rodrigo, obra escrita en 1476 y publicada originalmente en Sevilla en 1494. Las Coplas, poema que tiene un sitio indiscutido en las letras universales, son consideradas -junto con la Celestina- como una de las obras que marcan la transición entre la literatura medieval y la literatura renacentista. En esta obra el autor explora la vida y la obra de Jorge Manrique como un todo complementario; para lograr su objetivo, traza la historia del medio social en que transcurrió su existencia, a la vez que establece las relaciones con la literatura contemporánea, misma que estudia en su forma, en su contenido y en sus raíces. | ||
| 649 | |a XX | ||
| 650 | |a Escritores Españoles | ||
| 650 | |a Poesía Española - |x Historia y Crítica | ||
| 650 | |a Elegías - |x Historia y Crítica | ||
| 650 | |a Poesía Amorosa - |x Historia y Crítica | ||
| 650 | |a Literatura Española - |y Siglo XV | ||
| 650 | |a Literatura Española - |y Hasta 1500 | ||
| 650 | |a Literatura Medieval - |z España | ||
| 910 | |a Fondo Salvador Reynoso Reynoso | ||
| 920 | |a Impresos - Libros | ||
| 930 | |a Fondos Especiales | ||
| 940 | |a Literatura | ||
| 905 | |a 112 | ||
| 901 | |a 0500081785 |b IT2 |c ESP |u 20250521 | ||
| 902 | |a https://opac.biblio.iteso.mx/vufind/Record/000152554 | ||